000 00364nam a2200145Ia 4500
008 150201s2011 xx 000 0 und d
082 _a612.015
_bP2011D
100 _aDAMODARAN.K,GEETHA
245 _aPRACTICAL BIOCHEMISTRY
250 _a1ST
260 _bJAYPEE MEDICAL PUBLISHER
_aDELHI
_c2011
300 _a1-229
650 _aBIOCHEMISTRY
942 _2ddc
_cBK
_03
999 _c4616
_d4616